[Event "FRA-ch Blitz Online Qual"]
[Site "Europe Echecs INT"]
[Date "2020.05.16"]
[Round "12"]
[White "Ben Mohamed, Kader"]
[Black "Berthaut, Alexandre"]
[Result "0-1"]
[WhiteElo "1591"]
[BlackElo "1924"]
[PlyCount "116"]
[EventDate "2020.05.16"]
[EventType "swiss (blitz)"]
[EventRounds "15"]
[EventCountry "FRA"]
[SourceTitle "CBM 196 Extra"]
[Source "ChessBase"]
[SourceDate "2020.07.31"]
[SourceVersion "1"]
[SourceVersionDate "2020.07.31"]
[SourceQuality "1"]

1. f4 e5 2. fxe5 d6 3. Nf3 dxe5 4. e4 Bc5 5. c3 Nc6 6. b4 Bb6 7. Qc2 Nf6 8. Bb5 0-0 9. Bxc6 bxc6 10. d4 exd4 11. cxd4 Nxe4 12. 0-0 Bxd4+ 13. Nxd4 Qxd4+ 14. Kh1 Qxa1 15. Bb2 Qxb1 16. Qxb1 Nd2 17. Qd1 Nxf1 18. Qd4 f6 19. Qc4+ Kh8 20. Qxf1 a5 21. Bc3 axb4 22. Bxb4 Ba6 23. Qc1 Rfe8 24. Qxc6 Bd3 25. a3 Rab8 26. h3 Rbd8 27. Qxc7 Be4 28. Qg3 Rc8 29. Qg4 Bg6 30. h4 Bf7 31. h5 Be6 32. Qg3 h6 33. Qd6 Bg4 34. Qd5 Re5 35. Qd4 Rc1+ 36. Kh2 Bf5 37. Qd8+ Kh7 38. Qd2 Rc2 39. Qd4 Ree2 40. Qg1 Be4 41. Bf8 Rxg2+ 42. Qxg2 Rxg2+ 43. Kh3 Ra2 44. Bxg7 Kxg7 45. Kh4 Rxa3 46. Kg4 Bg6 47. Kf4 Bf7 48. Kf5 Bxh5 49. Kf4 Ra4+ 50. Kg3 Rg4+ 51. Kh3 Rg6 52. Kh2 f5 53. Kh3 f4 54. Kh2 f3 55. Kh3 f2 56. Kh2 Be2 57. Kh3 f1Q+ 58. Kh2 Qg2# 0-1

[Event "FRA-ch Blitz Online Qual"]
[Site "Europe Echecs INT"]
[Date "2020.05.16"]
[Round "10"]
[White "Spano, Remy"]
[Black "Berthaut, Alexandre"]
[Result "0-1"]
[WhiteElo "1662"]
[BlackElo "1924"]
[PlyCount "106"]
[EventDate "2020.05.16"]
[EventType "swiss (blitz)"]
[EventRounds "15"]
[EventCountry "FRA"]
[SourceTitle "CBM 196 Extra"]
[Source "ChessBase"]
[SourceDate "2020.07.31"]
[SourceVersion "1"]
[SourceVersionDate "2020.07.31"]
[SourceQuality "1"]

1. e4 b6 2. d4 Bb7 3. e5 d6 4. exd6 cxd6 5. Nf3 Nf6 6. c3 g6 7. Bd3 Bg7 8. 0-0 0-0 9. Be3 Nbd7 10. Nbd2 e5 11. dxe5 dxe5 12. Bc2 Re8 13. Bb3 Nc5 14. Bxc5 bxc5 15. Ng5 Re7 16. Nc4 h6 17. Nxf7 Rxf7 18. Nxe5 Bd5 19. Bxd5 Qxd5 20. Nxf7 Qxf7 21. Qd6 Ne4 22. Qc6 Re8 23. Rfe1 Qxf2+ 24. Kh1 Ng3+ 25. hxg3 Rxe1+ 26. Rxe1 Qxe1+ 27. Kh2 Qe5 28. Qa8+ Kh7 29. Qxa7 Qe3 30. a4 Qc1 31. a5 Qxb2 32. Qxc5 Qxc3 33. Qb6 h5 34. a6 Be5 35. Qf2 Qc7 36. a7 Qb7 37. Qe3 Bd6 38. Qd4 Bc7 39. Qc5 Bb6 40. a8Q Qxa8 41. Qxb6 Qg8 42. Qc7+ Kh6 43. Qc1+ Kh7 44. Qg5 Qe6 45. Qf4 Qe7 46. Qe3 Qxe3 47. Kh3 h4 48. Kxh4 Qf2 49. Kh3 Kh6 50. Kh4 Qxg2 51. g4 Qe4 52. Kh3 Kg5 53. Kg3 Qxg4+ 0-1

[Event "Monaco Sulava Memorial 1st"]
[Site "Monte Carlo"]
[Date "2019.11.29"]
[Round "7"]
[White "Berthaut, Alexandre"]
[Black "Bressac, Stephane"]
[Result "0-1"]
[WhiteElo "1920"]
[BlackElo "2296"]
[PlyCount "48"]
[EventDate "2019.11.29"]
[EventType "swiss"]
[EventRounds "9"]
[EventCountry "MNC"]
[SourceTitle "CBM 193 Extra"]
[Source "ChessBase"]
[SourceDate "2020.01.31"]
[SourceVersion "1"]
[SourceVersionDate "2020.01.31"]
[SourceQuality "1"]

1. e4 d6 2. d4 Nf6 3. Nc3 e5 4. dxe5 dxe5 5. Qxd8+ Kxd8 6. Bg5 Nbd7 7. 0-0-0 c6 8. Bc4 Ke8 9. f3 Be7 10. a4 a5 11. g4 h5 12. Bxf6 Bxf6 13. Nge2 hxg4 14. fxg4 Nc5 15. Rdg1 Bg5+ 16. Kb1 Be6 17. Bxe6 Nxe6 18. Ng3 g6 19. Nce2 Ke7 20. Nf5+ gxf5 21. gxf5 Be3 22. Rg3 Bf4 23. fxe6 Bxg3 24. Nxg3 fxe6 0-1

[Event "EU-ch U18 26th"]
[Site "Prague"]
[Date "2016.08.22"]
[Round "5"]
[White "Ferreira, Hugo Miguel da Cost"]
[Black "Berthaut, Alexandre"]
[Result "1-0"]
[WhiteElo "1975"]
[BlackElo "1720"]
[PlyCount "53"]
[EventDate "2016.08.18"]
[EventType "swiss"]
[EventRounds "9"]
[EventCountry "CZE"]
[SourceTitle "CBM 174 Extra"]
[Source "ChessBase"]
[SourceDate "2016.10.10"]
[SourceVersion "1"]
[SourceVersionDate "2016.10.10"]
[SourceQuality "1"]

1. d4 Nf6 2. Nf3 g6 3. Bg5 Bg7 4. Nbd2 0-0 5. c3 d6 6. e4 Nbd7 7. Bc4 c5 8. dxc5 Nxc5 9. Qe2 Bg4 10. 0-0 Qc7 11. Rae1 h6 12. Bh4 g5 13. Bg3 Nh5 14. Qe3 Ne6 15. Nd4 Nxd4 16. cxd4 Nxg3 17. Qxg3 Be6 18. Bxe6 fxe6 19. Qh3 Bxd4 20. Qxh6 Bxb2 21. Qxe6+ Rf7 22. Nf3 Bf6 23. e5 dxe5 24. Nxe5 Bxe5 25. Rxe5 Kf8 26. Qh6+ Ke8 27. Rxg5 1-0